Wastewater engineering : (Record no. 9863)
[ view plain ]
| 000 -LEADER | |
|---|---|
| fixed length control field | 00837nam a22002652 4500 |
| 001 - CONTROL NUMBER | |
| control field | 0000023556 |
| 005 - DATE AND TIME OF LATEST TRANSACTION | |
| control field | 20151217152244.0 |
| 008 - FIXED-LENGTH DATA ELEMENTS--GENERAL INFORMATION | |
| fixed length control field | 130228s xx 000 0 eng d |
| 020 ## - INTERNATIONAL STANDARD BOOK NUMBER | |
| International Standard Book Number | 007124140x : |
| 040 ## - CATALOGING SOURCE | |
| Original cataloging agency | KABU |
| Transcribing agency | KABU |
| 245 10 - TITLE STATEMENT | |
| Title | Wastewater engineering : |
| Remainder of title | treatment and reuse / |
| Statement of responsibility, etc. | Metcalf & Eddy, Inc. |
| 250 ## - EDITION STATEMENT | |
| Edition statement | 4th ed. |
| 260 ## - PUBLICATION, DISTRIBUTION, ETC. (IMPRINT) | |
| Place of publication, distribution, etc. | Boston : |
| Name of publisher, distributor, etc. | McGraw-Hill, |
| Date of publication, distribution, etc. | 2004. |
| 300 ## - PHYSICAL DESCRIPTION | |
| Extent | xxviii, 1819 p. |
| 610 20 - SUBJECT ADDED ENTRY--CORPORATE NAME | |
| Corporate name or jurisdiction name as entry element | Metcalf & Eddy, Inc. |
| -- | 0000183004 |
| 650 #0 - SUBJECT ADDED ENTRY--TOPICAL TERM | |
| Topical term or geographic name as entry element | Sewerage. |
| -- | 0000183005 |
| 650 #0 - SUBJECT ADDED ENTRY--TOPICAL TERM | |
| Topical term or geographic name as entry element | Sewerage disposal. |
| -- | 0000183006 |
| 650 #0 - SUBJECT ADDED ENTRY--TOPICAL TERM | |
| Topical term or geographic name as entry element | Water reuse. |
| -- | 0000183007 |
| 700 1# - ADDED ENTRY--PERSONAL NAME | |
| Personal name | Tchobanoglous, George. |
| -- | 0000183008 |
| 700 1# - ADDED ENTRY--PERSONAL NAME | |
| Personal name | Burton, Franklin L. |
| -- | 0000183009 |
| 700 1# - ADDED ENTRY--PERSONAL NAME | |
| Personal name | Stensel, H. David. |
| -- | 0000183010 |
| 852 1# - LOCATION | |
| -- | p4200 KES |
| 908 ## - PUT COMMAND PARAMETER (RLIN) | |
| Put command parameter | 130228 |
| 950 ## - LOCAL HOLDINGS (RLIN) | |
| -- | 1 |
| Withdrawn status | Lost status | Source of classification or shelving scheme | Not for loan | Home library | Current library | Date acquired | Total Checkouts | Full call number | Barcode | Date last seen | Price effective from | Koha item type |
|---|---|---|---|---|---|---|---|---|---|---|---|---|
| Library of Congress Classification | Kabarak, Main Campus | Kabarak, Main Campus | 17/12/2015 | TD645 .W37 2007 c. 1 | 014478 | 17/12/2015 | 17/12/2015 | General Collection |